000 01018nmm a2200289 a 4500
001 ocm0001162296
003 TR-IsHL
005 20201028154106.0
008 150709s2015 tu eng
007 cr cn
020 _a9786059285148
035 _a1162296
_b(N$T)
050 0 4 _aPZ7.R392
_bI75 2015
090 0 4 _aPZ7.R392
_bI75 2015
100 1 _aRichards, Laura Elizabeth Howe
245 1 0 _aIsla Heron
_h[electronic resource] /
_cLaura Elizabeth Howe Richards ; illustrated by Frank T. Merrill
260 _aİstanbul :
_bE-Kitap Projesi,
_c2015
300 _a122 p.
500 _a"Fifth thousand."
_xInlcudes major deaf characters.
_x
650 4 _aDil ve Edebiyat
650 4 _aLanguage and Literature
650 0 _aÇocuk edebiyatı, Amerikan
650 0 _aChildren's literature, American
650 7 _aLITERARY CRITICISM / Children's Literature
_2bisacsh
700 1 _aMerrill, Frank T.
856 4 0 _uhttp://search.ebscohost.com/login.aspx?direct=true&scope=site&db=e011xww&AN=1162296
999 _c12392
_d12392